A Z generáció médiahasználata és karrierútja közötti összefüggések

Bibliographic Details
Main Author: Kovács Dalma Diána
Other Authors: Petõ Lilla
Format: Thesis
Kulcsszavak:digitális média
életpálya
karrier
pályaválasztás
Z generáció
Online Access:http://dolgozattar.uni-bge.hu/59551

MARC

LEADER 00000nta a2200000 i 4500
001 dolg59551
005 20260409145223.0
008 260409suuuu hu om 000 hun d
040 |a BGE Dolgozattár Repozitórium  |b hun 
041 |a hu 
100 1 |a Kovács Dalma Diána 
245 1 2 |a A Z generáció médiahasználata és karrierútja közötti összefüggések  |c Kovács Dalma Diána  |h [elektronikus dokumentum] 
520 3 |a A dolgozatom központi témája a Z generáció médiahasználata és karrierútjának alakulása közötti összefüggés vizsgálata. A dolgozatom célja, hogy kutatásommal megismerjem milyen befolyásoló tényezők hatnak a generáció tagjaira döntéseik meghozatala során. A célom eléréséhez kvantitatív és kvalitatív vizsgálati módszereket alkalmaztam. Online kérdőív és tartalomelemzést használtam a kutatási kérdés megértése során. A kutatásom célcsoportja a Z generáció tagjai voltak. A felmérést olyan Z generációs fiatalok között végeztem, akik 18. életévüket betöltötték, vagyis az 1995-2006 között születettek csoportja. A tartalomelemzés fókuszában a közösségi médiában megtalálható karrierrel kapcsolatos tartalmak álltak. A kutatásom végére arra a következtetésre jutottam, hogy a közösségi média hatással van a Z generáció karrierútjának alakulásában. 
695 |a digitális média 
695 |a életpálya 
695 |a karrier 
695 |a pályaválasztás 
695 |a Z generáció 
700 1 |a Petõ Lilla  |e ths 
856 4 0 |u http://dolgozattar.uni-bge.hu/59551/1/KovacsDalmaDiana_Szakdolgozat.pdf  |z Dokumentum-elérés 
856 4 0 |u http://dolgozattar.uni-bge.hu/59551/2/Kov%C3%A1cs%20Dalma%20Di%C3%A1na_b%C3%ADr%C3%A1lat.pdf  |z Dokumentum-elérés 
856 4 0 |u http://dolgozattar.uni-bge.hu/59551/3/Kov%C3%A1cs%20Dalma.pdf  |z Dokumentum-elérés